General Studies (Record no. 58660)
[ view plain ]
| 000 -LEADER | |
|---|---|
| fixed length control field | 00464nam a2200169Ia 4500 |
| 001 - CONTROL NUMBER | |
| control field | 58772 |
| 008 - FIXED-LENGTH DATA ELEMENTS--GENERAL INFORMATION | |
| fixed length control field | 150627n ii |||gr||||Z||||||465 |
| 020 ## - INTERNATIONAL STANDARD BOOK NUMBER | |
| International Standard Book Number | 978-93-392-1792-1 |
| 082 ## - DEWEY DECIMAL CLASSIFICATION NUMBER | |
| Classification number | 001 |
| 100 ## - MAIN ENTRY--PERSONAL NAME | |
| Personal name | Chand, |
| Relator term | Tara ., |
| 245 #0 - TITLE STATEMENT | |
| Title | General Studies |
| Statement of responsibility, etc. | Tara Chand |
| Medium | Textual Documents |
| 260 ## - PUBLICATION, DISTRIBUTION, ETC. | |
| Place of publication, distribution, etc. | New Delhi |
| Name of publisher, distributor, etc. | McGraw Hill Education (India) Private Limited |
| 653 ## - INDEX TERM--UNCONTROLLED | |
| Uncontrolled term | General knowledge |
| 653 ## - INDEX TERM--UNCONTROLLED | |
| Uncontrolled term | General Knowledge |
| 653 ## - INDEX TERM--UNCONTROLLED | |
| Uncontrolled term | G/Counter |
| 942 ## - ADDED ENTRY ELEMENTS (KOHA) | |
| Source of classification or shelving scheme | Dewey Decimal Classification |
| Koha item type | Books |
| Withdrawn status | Lost status | Damaged status | Not for loan | Collection | Home library | Current library | Shelving location | Date acquired | Coded location qualifier | Cost, normal purchase price | Total checkouts | Full call number | Barcode | Date last seen | Copy number | Price effective from | Koha item type |
|---|---|---|---|---|---|---|---|---|---|---|---|---|---|---|---|---|---|
| Dr. Suryya Kumar Bhuyan Library | Dr. Suryya Kumar Bhuyan Library | 27/06/2015 | 00000 | 1350.00 | 001 Ch361Ge | 318/Lib | 14/01/2024 | 1 | 27/06/2015 | Books |
